[Event "Olympiad Women 2024"]
[Site "Budapest HUN"]
[Date "2024.09.19"]
[Round "8.24"]
[Board "4"]
[White "Putar, Lara"]
[Black "Hernandez Gil, Ineymig"]
[Result "1-0"]
[WhiteElo "1911"]
[BlackElo "2160"]
[PlyCount "153"]
[EventDate "2024.09.11"]
[WhiteTeam "Ireland"]
[BlackTeam "Cuba"]
[WhiteTeamCountry "IRL"]
[BlackTeamCountry "CUB"]

1. d4 d5 2. c4 e6 3. Nf3 Nf6 4. e3 c5 5. Nc3 Nc6 6. a3 Be7 7. dxc5 Bxc5 8. b4 Be7 ({RR} 8... Bd6 9. cxd5 exd5 10. Nb5 Bb8 11. Bb2 a5 12. Nbd4 axb4 13. axb4 Rxa1 14. Qxa1 O-O 15. b5 Ne5 16. Be2 Nc4 17. Bc3 Ne4 18. Bb4 Re8 19. O-O Qf6 20. Qa8 Bc7 21. Rc1 Bxh2+ 22. Kxh2 Nxf2 23. Bxc4 {1-0 Ubilava,E (2535)-Paglilla,C (2385) San Sebastian op 1991 (8)}) 9. cxd5 exd5 10. Bb2 O-O 11. Bd3 $146 ({RR} 11. Be2 Be6 12. O-O Ne4 13. Nb5 a6 14. Nbd4 Bf6 15. Rc1 Rc8 16. Nxc6 bxc6 17. Bxf6 Nxf6 18. Bxa6 Rc7 19. Be2 Qd6 20. Nd4 Ra8 21. Qd3 Bd7 22. Ra1 h6 23. Nb3 Rca7 24. Nc5 Bc8 25. a4 Nd7 {1-0 Milutinovic,S (2140)-Mijic,M (1931) SRB-chT (Women) 2019 (7.6)}) ({RR} 11. Be2 Be6 12. O-O Rc8 13. Nb5 a5 14. bxa5 Nxa5 15. Bd4 Nc4 16. a4 Ne4 17. Ne5 Bf6 18. Nxc4 dxc4 19. Bf3 Nc5 20. Qc2 Nb3 21. Rad1 Bxd4 22. exd4 Bd5 23. Bxd5 Qxd5 24. Nc3 Qa5 25. d5 Rfd8 {1-0 Sadek,S (2286)-Primbetov,K (2059) FIDE World Rapid Team 2024 (9.10)}) ({RR} 11. Be2 Bg4 12. O-O Rc8 13. Rc1 Re8 14. Nd4 Bxe2 15. Ncxe2 Qd7 16. Nxc6 bxc6 17. Nd4 Ne4 18. Ne2 Nd6 19. Ng3 Qe6 20. Nh5 Bf8 21. Nf4 Qe4 22. Bd4 a6 23. Qa4 Nb5 24. Rfd1 Bd6 25. Ne2 Qh4 {1-0 Cvitan,O (2491)-Maisuradze,N (2231) EU-ch blitz Tallinn 2016 (3)}) 11... Re8 12. O-O Bg4 13. Be2 a6 14. Nd4 Bxe2 15. Ncxe2 Ne5 16. Nf5 Bf8 17. Qb3 Qd7 18. Ned4 g6 19. Ng3 Rad8 20. Rad1 h5 21. Nge2 Bd6 22. Nf4 Bb8 23. Nd3 Neg4 24. Nf3 Qd6 25. g3 h4 26. Nxh4 Nxh2 27. Kxh2 Ng4+ 28. Kg1 Nxf2 29. Nf4 Nxd1 30. Rxd1 Ba7 31. Nhg2 d4 32. Bxd4 Rxe3 33. Nxe3 Bxd4 34. Kg2 Qc6+ 35. Ned5 Be5 36. Qf3 Kg7 37. Rf1 g5 38. Nh5+ Kh6 39. Nhf6 Bxf6 40. Qxf6+ Qxf6 41. Nxf6 Kg6 42. Ne4 f5 43. Nc5 g4 44. Rf2 Rd1 45. Ra2 Kg5 46. Nxb7 f4 47. gxf4+ Kxf4 48. Nc5 Rd6 49. Re2 Rd1 50. a4 Rd6 51. Re4+ Kf5 52. a5 Rh6 53. Rd4 Kg5 54. Nd3 Re6 55. Nf2 Re2 56. Rxg4+ Kf5 57. Kf3 Rb2 58. Nd3 Rb3 59. Rf4+ Ke6 60. Ke4 Kd6 61. Rf6+ Kc7 62. Rxa6 Rb1 63. Kd4 Rd1 64. Kc4 Rh1 65. Nc5 Kb8 66. Kb5 Rh5 67. Rg6 Rh8 68. Kb6 Ka8 69. Ka6 Rd8 70. b5 Kb8 71. b6 Re8 72. Nd7+ Kc8 73. Rd6 Rd8 74. b7+ Kc7 75. b8=Q+ Rxb8 76. Nxb8 Kxd6 77. Kb6 1-0

[Event "Olympiad Women 2024"]
[Site "Budapest HUN"]
[Date "2024.09.19"]
[Round "8.25"]
[Board "1"]
[White "Mihok-Juhasz, Barbara"]
[Black "Verbin, Valentina"]
[Result "0-1"]
[WhiteElo "2193"]
[BlackElo "2071"]
[PlyCount "118"]
[EventDate "2024.09.11"]
[WhiteTeam "Hungary B"]
[BlackTeam "Moldova"]
[BlackTeamCountry "MDA"]

1. e4 e6 2. d4 d5 3. e5 c5 4. c3 Nc6 5. Nf3 Qb6 6. Be2 cxd4 7. cxd4 Nh6 8. Bxh6 Qxb2 9. Nbd2 gxh6 10. O-O Bb4 ({RR} 10... Bd7 11. Rb1 Qxa2 12. Rxb7 Rb8 13. Rxb8+ Nxb8 14. Qa1 Qxa1 15. Rxa1 Nc6 16. Bb5 Bb4 17. Ra6 Nxe5 18. Rxa7 Nc6 19. Rc7 Kd8 20. Rb7 Bd6 21. Bxc6 Bxc6 22. Rxf7 Bd7 23. Rf6 Bf8 24. Ne5 Bg7 25. Rf7 {1-0 Grischuk,A (2764)-Lenderman,A (2600) Titled Tuesday intern op 22nd Feb Early blitz 2022 (6)}) ({RR} 10... Nxd4 11. Qa4+ Nc6 12. Bb5 Bd7 13. Rab1 Qa3 14. Qf4 Qe7 15. Rfc1 Bg7 16. Ba4 O-O 17. Rxb7 Qa3 18. Nb3 Rfc8 19. Rxd7 Ne7 20. Rcc7 Rxc7 21. Rxc7 Bf8 22. g4 Qxa2 23. Nbd2 Qa1+ 24. Kg2 d4 25. Bc2 {1-0 Novak,R (1777)-Cortese,L (1582) 28th HIT Open 2024 (5.39)}) 11. Rb1 $146 ({RR} 11. Nb3 Bd7 12. Ne1 b6 13. a3 Nxd4 14. Nxd4 Bc3 15. Rb1 Qxa3 16. Nb5 Bxb5 17. Bxb5+ Ke7 18. Qh5 Raf8 19. Nf3 f6 20. Qxh6 fxe5 21. Qg7+ Rf7 22. Qxh8 e4 23. Qe8+ Kf6 24. Qd8+ Kg7 25. Qg5+ Kh8 {1-0 Ciocani,I (2151)-Cazacu,I (1682) Romania GP Brasov 2023 (5.40)}) 11... Qa3 12. Rb3 Qa5 13. Nb1 Qc7 14. Qc1 Bf8 15. Qf4 Bg7 16. Bb5 O-O 17. Bxc6 bxc6 18. Rc1 f6 19. Rbc3 fxe5 20. Qg3 Rb8 21. Nbd2 Rb6 22. Nxe5 Bd7 23. Nb3 Be8 24. Re3 Qe7 25. Qh3 Rf5 26. Nxc6 Qf8 27. Ne7+ Qxe7 28. Qxf5 Qa3 29. Qc2 Rc6 30. Qb1 Bg6 31. Qa1 Bxd4 32. Rxc6 Bxa1 33. Nxa1 Qxa2 34. Rc1 d4 35. Rf3 Bf5 36. g4 Be4 37. Rg3 d3 38. Re3 d2 39. Rd1 Bc2 40. Rxd2 Qxa1+ 41. Kg2 Qa4 42. Kg3 Bb3 43. f4 Bd5 44. Red3 Qe4 45. f5 h5 46. fxe6 Qxg4+ 47. Kf2 Qg2+ 48. Ke3 Qf3+ 49. Kd4 Qe4+ 50. Kc5 Qc4+ 51. Kd6 Qc6+ 52. Ke5 Qxe6+ 53. Kd4 Be4 54. Rg3+ Bg6 55. Kc3 a5 56. Kb2 Qe4 57. Rgg2 Qb1+ 58. Ka3 Qb4+ 59. Ka2 Kg7 0-1

[Event "Olympiad Women 2024"]
[Site "Budapest HUN"]
[Date "2024.09.19"]
[Round "8.25"]
[Board "2"]
[White "Mihailova, Alina"]
[Black "Lakos, Nikoletta"]
[Result "1/2-1/2"]
[WhiteElo "1969"]
[BlackElo "2192"]
[PlyCount "60"]
[EventDate "2024.09.11"]
[WhiteTeam "Moldova"]
[BlackTeam "Hungary B"]
[WhiteTeamCountry "MDA"]

1. d4 d5 2. c4 e6 3. Nf3 Nf6 4. g3 Be7 5. Bg2 O-O 6. O-O c6 7. Nc3 a5 8. a4 b6 9. b3 Ba6 10. Qd3 Nbd7 11. Rd1 Bb4 12. Bb2 Rc8 13. Rac1 Qe7 14. Na2 $146 ({RR} 14. e3 Rfd8 15. Qe2 c5 16. Nb5 Ne4 17. cxd5 exd5 18. dxc5 Ndxc5 19. Nfd4 g6 20. Ba1 f5 21. h4 Bb7 22. Qb2 Qg7 23. Qa2 Qe7 24. Ne2 Nf6 25. Qb2 Kf7 26. Nf4 Nce4 27. Nd3 Rxc1 28. Rxc1 Rc8 {1-0 Harikrishnan,A (2406)-Coles,R (2167) 56th Biel Master Open 2023 (7.19)}) 14... Bd6 15. Qb1 c5 16. cxd5 exd5 17. Nc3 c4 18. Nd2 cxb3 19. Nxd5 Nxd5 20. Bxd5 Rxc1 21. Rxc1 Qxe2 22. Nxb3 Nf6 23. Re1 Qh5 24. Bg2 Bc4 25. Nd2 Bd5 26. Ne4 Bxe4 27. Bxe4 Bb4 28. Rc1 Bd2 29. Rf1 Re8 30. Bc6 Ng4 1/2-1/2

[Event "Olympiad Women 2024"]
[Site "Budapest HUN"]
[Date "2024.09.19"]
[Round "8.25"]
[Board "3"]
[White "Karacsonyi, Kata"]
[Black "Bargan, Victoria"]
[Result "1-0"]
[WhiteElo "2233"]
[BlackElo "1941"]
[PlyCount "87"]
[EventDate "2024.09.11"]
[WhiteTeam "Hungary B"]
[BlackTeam "Moldova"]
[BlackTeamCountry "MDA"]

1. e4 c6 2. Nf3 d5 3. Nc3 h6 4. d4 dxe4 5. Nxe4 Bf5 6. Bd3 e6 7. O-O Nf6 8. Nxf6+ $146 ({RR} 8. Re1 Nxe4 9. Bxe4 Bxe4 10. Rxe4 Nd7 11. c3 Nf6 12. Re1 Bd6 13. Ne5 O-O 14. Qf3 Rc8 15. Bf4 Bb8 16. Rad1 Qd5 17. Qh3 Qxa2 18. Rd3 Kh7 19. Rg3 Ne8 20. Qh5 Bxe5 21. dxe5 Qc4 22. Bc1 Rc7 {0-1 Parsonage,I (2043)-Dive,R (2304) Oceania zt 3.6 2017 (4)}) ({RR} 8. Qe2 Nbd7 9. c4 Nxe4 10. Bxe4 Bxe4 11. Qxe4 Nf6 12. Qh4 Bd6 13. Be3 b6 14. Rad1 Qc7 15. Rfe1 Be7 16. Bf4 Bd6 17. Ne5 Nd7 18. Ng6 Rg8 19. c5 Bf8 20. Bxc7 {1-0 Tryggestad,A (2224)-Grindbakken,E (1691) Oslo op Fornebu 2016 (4)}) 8... Qxf6 9. Ne5 Bd6 10. Re1 O-O 11. Re3 Bxd3 12. Qxd3 c5 13. Rg3 Bxe5 14. dxe5 Qh4 15. Bg5 hxg5 16. Rh3 Nc6 17. Rxh4 gxh4 18. f4 b6 19. Qh3 Nd4 20. Qxh4 Rad8 21. Qf2 Rd5 22. g4 Rfd8 23. c3 Nc6 24. Re1 Rd3 25. Re2 R8d5 26. Kg2 b5 27. a3 a6 28. Qf1 Na5 29. f5 Nc4 30. Qf4 Rd2 31. Rxd2 Rxd2+ 32. Kh3 Rd3+ 33. Kg2 Nxb2 34. f6 Kf8 35. Qg5 gxf6 36. exf6 Nd1 37. Qxc5+ Kg8 38. Qg5+ Kf8 39. Qc5+ Kg8 40. Qc8+ Kh7 41. Qf8 Ne3+ 42. Kg1 Rd1+ 43. Kf2 Nxg4+ 44. Ke2 1-0

[Event "Olympiad Women 2024"]
[Site "Budapest HUN"]
[Date "2024.09.19"]
[Round "8.25"]
[Board "4"]
[White "Petricenco, Ana"]
[Black "Demeter, Dorina"]
[Result "1-0"]
[WhiteElo "1894"]
[BlackElo "2199"]
[PlyCount "159"]
[EventDate "2024.09.11"]
[WhiteTeam "Moldova"]
[BlackTeam "Hungary B"]
[WhiteTeamCountry "MDA"]

1. e4 e5 2. Nf3 Nc6 3. Bb5 a6 4. Ba4 d6 5. O-O Bd7 6. c3 g6 7. d4 Bg7 8. dxe5 Nxe5 9. Nxe5 dxe5 10. Bxd7+ Qxd7 11. Qxd7+ Kxd7 12. Be3 ({RR} 12. Rd1+ Ke6 13. Be3 Ne7 14. Nd2 Rhd8 15. Nf3 f6 16. Kf1 a5 17. Ke2 a4 18. Rxd8 Rxd8 19. Rd1 Rxd1 20. Kxd1 Nc8 21. Kc2 Nd6 22. Kd3 b5 23. Bc5 Nb7 24. Be3 Bf8 25. h3 Nc5+ 26. Kc2 Nxe4 {0-1 Ivlev,A (1578)-Lagno,K (2532) FIDE World Bl Team Pool B 2024 (6.5)}) 12... Nf6 13. f3 Ke6 14. Kf2 $146 ({RR} 14. Nd2 Rhd8 15. Nb3 b6 16. Rad1 {½-½ Ghazaryan,R (2134)-Kretchetov,A (2168) 1000GM LA Inv GpC 2023 (8.3)}) ({RR} 14. Rd1 Rhd8 15. Na3 Bf8 16. Nc2 a5 17. Kf2 Rxd1 18. Rxd1 b5 19. Ke2 Nd7 20. Ne1 h5 21. g3 f5 22. exf5+ gxf5 23. Nd3 Bd6 24. Nf2 Rg8 25. b3 Nf6 26. c4 bxc4 27. bxc4 Rb8 28. Nh3 Nd7 {0-1 Stepinski,P (1991)-Ordaz Valdes,L (2324) 10th POL-HUN Rapid 2023 (2.30)}) 14... Bf8 15. Nd2 Be7 16. Ke2 h5 17. Nb3 b6 18. Rad1 a5 19. a4 h4 20. Nd2 Nh5 21. Nc4 g5 22. Kf2 Nf4 23. Rd2 Rag8 24. h3 Rd8 25. Rfd1 Nh5 26. Ke1 Ng3 27. Bf2 Nh1 28. Ke2 Nxf2 29. Kxf2 Rxd2+ 30. Rxd2 Rb8 31. Ke2 Bc5 32. Kd1 f6 33. Kc2 c6 34. Rd3 Ra8 35. Rd2 b5 36. axb5 cxb5 37. Rd5 bxc4 38. Rxc5 Kd6 39. Rxc4 a4 40. Kb1 a3 41. b3 a2+ 42. Ka1 Ra3 43. b4 Kd7 44. b5 Rb3 45. Rc5 Kd6 46. Rc6+ Kd7 47. c4 Rc3 48. Kxa2 Rc2+ 49. Kb3 Rxg2 50. Kb4 Rg3 51. Kc5 Rxf3 52. b6 Rb3 53. Rxf6 Rxh3 54. Rf7+ Ke6 55. Rf5 Rg3 56. b7 Rb3 57. Rxg5 Rxb7 58. Rh5 Rc7+ 59. Kb5 Rb7+ 60. Kc6 Rb4 61. Kc5 Rb8 62. Rh6+ Ke7 63. Kd5 Rg8 64. Rxh4 Rg5 65. Rh6 Kd7 66. Re6 Rg1 67. Rxe5 Rd1+ 68. Kc5 Re1 69. Rd5+ Ke6 70. Rd6+ Ke7 71. Rd4 Ke6 72. Kc6 Ke5 73. Rd8 Rc1 74. c5 Kxe4 75. Kb6 Ke5 76. c6 Ke6 77. c7 Rb1+ 78. Ka5 Ra1+ 79. Kb4 Rb1+ 80. Ka3 1-0

[Event "Olympiad Women 2024"]
[Site "Budapest HUN"]
[Date "2024.09.19"]
[Round "8.26"]
[Board "1"]
[White "Shuqja, Klean"]
[Black "Rogule, Laura"]
[Result "0-1"]
[WhiteElo "2042"]
[BlackElo "2248"]
[PlyCount "58"]
[EventDate "2024.09.11"]
[WhiteTeam "Albania"]
[BlackTeam "Latvia"]
[WhiteTeamCountry "ALB"]
[BlackTeamCountry "LAT"]

1. e4 {Movsesian,Sergei} c5 2. Nf3 d6 3. Bb5+ Nd7 ({RR} 3... Bd7 4. Bxd7+ Qxd7 5. c4 g6 6. Nc3 Bg7 7. d4 cxd4 8. Nxd4 Nf6 9. h3 O-O 10. O-O a6 11. a4 e6 12. Be3 Rc8 13. b3 Qd8 14. Nde2 Nc6 15. Qd2 Bf8 16. Rfd1) 4. d4 cxd4 5. Qxd4 a6 6. Bxd7+ Bxd7 7. Bg5 h6 8. Bh4 Rc8 9. Nc3 e5 10. Qe3 ({RR} 10. Qd3 g5 11. Bg3 Nf6 12. h4 ({RR} 12. Nd2 b5 13. a4 Qa5 14. O-O bxa4 15. Rfb1) 12... g4 ({RR} 12... Rg8 13. hxg5 hxg5 14. O-O-O Qc7 15. Kb1 b5 16. Rhe1) 13. Nd2 b5 14. a3 Be6 15. O-O Be7 16. Rfd1 Qb6 17. Nf1 Rc4 18. Nd2 ({RR} 18. a4 O-O 19. axb5 axb5 20. Ne3 Rd4 21. Qe2 Nxe4 22. Rxd4 Qxd4 23. Nxe4 Qxe4 24. Ra7 Bf6 25. Qxb5) 18... Rd4 19. Qe3 Qc6 20. Re1 Bd8 21. Nb3 Rc4 ({RR} 21... Bb6 22. Qe2 Rc4) 22. Rad1 Bb6 23. Qd3 Rxc3 24. bxc3 Ke7 {1-0 Movsesian,S (2723)-Topalov,V (2803) Olympiad-39 Khanty-Mansiysk 2010 (10.1)}) ({RR} 10. Qd3 g5 11. Bg3 Nf6 12. Nd2 Be6 13. h4 g4 14. h5 Be7 15. Bh4 Qc7 16. Nf1 Nxh5 17. g3 Bxh4 18. Rxh4 Nf6 19. Ne3 Qa5 20. Rd1 Rc6 21. Kf1 Nd7 22. Kg2 Qb4 23. Ned5 Qc4 24. Qe3 Bxd5 {0-1 Guerrero Cataldo,J (1980)-Olivares Olivares,C (2274) ch-CHI 2024 Santiago CHI (2.7)}) 10... g5 11. Bg3 Nf6 12. O-O-O Qa5 $146 ({RR} 12... Qc7 13. Ne1 b5 14. h4 Rg8 15. hxg5 hxg5 16. Kb1 b4 17. Nd5 Nxd5 18. Rxd5 Be6 19. Rd2 Be7 20. Rh6 a5 21. Nd3 Qc4 22. Nc1 a4 23. Qe2 Qxe2 24. Nxe2 Rc4 25. b3 axb3 26. axb3 Rc5 27. Nc1 {0-1 Xu,H (2124)-Wang,J (2401) CHN-chT China 2013 (2.2)}) 13. Nd2 b5 14. Nb3 Qc7 15. Qe2 b4 16. Nd5 Nxd5 17. Rxd5 Bb5 18. Qd1 Bc6 19. Rd2 Bxe4 20. Re1 Bg6 21. f4 gxf4 22. Bxf4 Be7 23. Be3 a5 24. Na1 a4 25. Qg4 a3 26. Qxb4 d5 27. Qa4+ Kf8 28. bxa3 Qc3 29. Kb1 d4 0-1

[Event "Olympiad Women 2024"]
[Site "Budapest HUN"]
[Date "2024.09.19"]
[Round "8.26"]
[Board "2"]
[White "Berzina, Ilze"]
[Black "Geske, Bruna"]
[Result "1-0"]
[WhiteElo "2200"]
[BlackElo "2023"]
[PlyCount "75"]
[EventDate "2024.09.11"]
[WhiteTeam "Latvia"]
[BlackTeam "Albania"]
[WhiteTeamCountry "LAT"]
[BlackTeamCountry "ALB"]

1. e4 c5 2. Nf3 Nc6 3. Bb5 g6 4. O-O Bg7 5. c3 Nf6 6. Re1 O-O 7. d4 cxd4 8. cxd4 d5 9. e5 Ne4 10. Nc3 Nxc3 11. bxc3 Na5 12. Bg5 Bf5 13. Nh4 Be6 14. Qc1 a6 15. Bd3 Rc8 16. Qd2 $146 ({RR} 16. Nf3 Qc7 17. Qa3 Rfe8 18. Rac1 Nc4 19. Bxc4 dxc4 20. Nd2 f6 21. Bf4 Bd5 22. Nf1 Qc6 23. Ne3 f5 24. Nxd5 Qxd5 25. Rb1 h6 26. h4 Bf8 27. e6 Qc6 28. Qc1 Kh7 29. h5 g5 30. Bxg5 hxg5 {0-1 Halak,M (2252)-Radnai,A (2288) Budapest FS05 IM 2016 (2)}) 16... Rc6 17. Rac1 Nc4 18. Bxc4 Rxc4 19. Bh6 Qd7 20. Bxg7 Kxg7 21. f4 Rfc8 22. Re3 b5 23. Rf1 b4 24. f5 bxc3 25. fxe6 Qxe6 26. Qc2 Rxd4 27. Nf3 Rdc4 28. Ng5 Qb6 29. Qf2 Rf8 30. Nxh7 c2 31. Nxf8 c1=Q 32. Qxf7+ Kh6 33. Qh7+ Kg5 34. Qxe7+ Kh6 35. Qh7+ Kg5 36. Ne6+ Qxe6 37. Rg3+ Rg4 38. h4# 1-0

[Event "Olympiad Women 2024"]
[Site "Budapest HUN"]
[Date "2024.09.19"]
[Round "8.26"]
[Board "3"]
[White "Caku, Kler"]
[Black "Ter-Avetisjana, Agnesa Stepania"]
[Result "0-1"]
[WhiteElo "1859"]
[BlackElo "2134"]
[PlyCount "96"]
[EventDate "2024.09.11"]
[WhiteTeam "Albania"]
[BlackTeam "Latvia"]
[WhiteTeamCountry "ALB"]
[BlackTeamCountry "LAT"]

1. e4 c6 2. d4 d5 3. exd5 cxd5 4. Bd3 Nc6 5. c3 Nf6 6. h3 g6 7. Ne2 Bf5 8. Bxf5 gxf5 9. Bf4 e6 10. Nd2 Bd6 11. Nf3 ({RR} 11. Nb3 Ne4 12. Qd3 Rg8 13. Qf3 Bxf4 14. Nxf4 Qg5 15. Nc1 O-O-O 16. Ncd3 Rge8 17. Qh5 f6 18. h4 Qg7 19. Qf3 Qg4 20. Qxg4 fxg4 21. O-O-O e5 22. Ne2 exd4 23. Nxd4 Nxd4 24. cxd4 Kd7 25. Rhe1 Rc8+ {0-1 Caku,K (1846)-Kosteniuk,A (2501) Swiss Queens Wed #6 2024 (2.10)}) 11... Ne4 12. Qc1 Rg8 13. O-O Ne7 $146 ({RR} 13... Qf6 14. Bxd6 Nxd6 15. Qf4 Ne4 16. Nc1 O-O-O 17. Nd3 Qg6 18. g3 Qh5 19. Kg2 f6 20. Rac1 Ng5 21. Nh4 Qf7 22. c4 Qc7 23. Rfd1 dxc4 24. Rxc4 Qxf4 25. Nxf4 Kb8 26. d5 Ne7 27. Nxe6 Nxe6 28. Re1 {½-½ Tepelenis,N (2096)-Malikentzos,S (2429) GRE-chT Online Rapid op 1st 2021 (6.7)}) ({RR} 13... Qf6 14. Ne1 O-O-O 15. f3 Bxf4 16. Qxf4 Nd6 17. Nd3 Ne7 18. Qh2 Kb8 19. Nef4 Ka8 20. a4 Qh4 21. a5 a6 22. Kh1 Rg3 23. Ne2 Rdg8 24. Nxg3 Rxg3 25. Nc1 f4 26. Ne2 Nef5 27. b3 f6 28. Qg1 {½-½ Lenderman,A (2572)-Griffith,K (2357) New York Summer GM-B 2022 (6)}) 14. Ne5 f6 15. Nd3 Ng6 16. Bxd6 Qxd6 17. Qh6 O-O-O 18. a4 Rd7 19. Kh1 Rdg7 20. Nc5 f4 21. Nxe4 dxe4 22. f3 exf3 23. Rxf3 e5 24. Rf2 Qd5 25. Qh5 Qe4 26. dxe5 fxe5 27. Qg4+ Kb8 28. Ng3 Qc6 29. Nh5 Rf7 30. Re1 Ne7 31. Qe2 Rg5 32. Kh2 f3 33. Rxf3 Rxf3 34. gxf3 Rxh5 35. f4 Rf5 36. fxe5 Qf3 37. Qxf3 Rxf3 38. Kg2 Rf5 39. Kg3 Kc7 40. Kg4 h5+ 41. Kg3 Nc6 42. e6 Kd6 43. Kh4 Ne5 44. e7 Kxe7 45. Re4 Kf6 46. Rb4 b6 47. a5 Ng6+ 48. Kg3 Rxa5 0-1

[Event "Olympiad Women 2024"]
[Site "Budapest HUN"]
[Date "2024.09.19"]
[Round "8.26"]
[Board "4"]
[White "Vidruska, Renate"]
[Black "Omeri, Eklea"]
[Result "1-0"]
[WhiteElo "2035"]
[BlackElo "1962"]
[PlyCount "71"]
[EventDate "2024.09.11"]
[WhiteTeam "Latvia"]
[BlackTeam "Albania"]
[WhiteTeamCountry "LAT"]
[BlackTeamCountry "ALB"]

1. e4 c6 2. d4 d5 3. Nd2 dxe4 4. Nxe4 Bf5 5. Ng3 Bg6 6. h4 h6 7. Nf3 Nd7 8. h5 Bh7 9. Bd3 Bxd3 10. Qxd3 Ngf6 11. Bd2 e6 12. O-O-O Qc7 13. Ne4 Nxe4 14. Qxe4 Nf6 15. Qe2 O-O-O 16. c4 Bd6 17. g3 Rhe8 18. Bc3 Nd7 ({RR} 18... Kb8 19. Ne5 Ka8 20. f4 c5 {½-½ Nanu,C (2420)-Nisipeanu,L (2594) Radulescu Memorial 1999 (4)}) 19. Ne5 Bxe5 20. dxe5 c5 21. b3 $146 ({RR} 21. Rd6 Nb8 22. Rhd1 Nc6 23. b3 Rg8 24. Qe3 Nb8 25. f4 Rd7 26. Qd2 Rgd8 27. Ba5 b6 28. Bc3 Qb7 29. Qe2 Rg8 30. g4 Rxd6 31. Rxd6 Nd7 32. Kb2 Kd8 33. Qd3 Rh8 34. f5 Ke7 35. fxe6 Nf8 {1-0 Sancho Castiello,F (1716)-Minguez Greciano,I (1818) Collado Villalba op-B 36th 2019 (4)}) 21... Nb8 22. Qe3 Qe7 23. Rd6 Na6 24. Rhd1 Qg5 25. Qxg5 hxg5 26. Rxd8+ Rxd8 27. Bd2 g4 28. Bg5 Rxd1+ 29. Kxd1 Kd7 30. Bf6 Ke8 31. Bxg7 f5 32. exf6 Kf7 33. f3 gxf3 34. g4 Nb4 35. g5 Nd3 36. g6+ 1-0

[Event "Olympiad Women 2024"]
[Site "Budapest HUN"]
[Date "2024.09.19"]
[Round "8.27"]
[Board "1"]
[White "Varela La Madrid, Tilsia Carolina"]
[Black "Narva, Mai"]
[Result "0-1"]
[WhiteElo "2017"]
[BlackElo "2420"]
[PlyCount "88"]
[EventDate "2024.09.11"]
[WhiteTeam "Venezuela"]
[BlackTeam "Estonia"]
[WhiteTeamCountry "VEN"]
[BlackTeamCountry "EST"]

1. e4 c5 2. c3 Nf6 3. e5 Nd5 4. Nf3 e6 5. d4 cxd4 6. cxd4 d6 7. Nc3 Nxc3 8. bxc3 Qc7 9. Bd2 Nd7 10. exd6 Bxd6 11. Bd3 O-O 12. O-O b6 13. Qc2 h6 14. Bh7+ Kh8 15. Be4 Bb7 16. Bxb7 $146 ({RR} 16. Rfe1 Rfe8 17. Bxb7 Qxb7 18. Re4 e5 19. Rh4 Bf8 20. Qf5 exd4 21. Bxh6 gxh6 22. Ng5 Nf6 23. Qxf6+ Kg8 24. Rg4 {1-0 Kuijf,M (2368)-Kranzl,J (2129) Bodensee op Bregenz 2017 (5)}) ({RR} 16. Rfe1 Rac8 17. Qc1 Bxe4 18. Rxe4 Nf6 19. Rh4 Kg8 20. Rb1 Nd5 21. Rb3 Rfe8 22. Rh3 Bf4 23. Ne1 e5 24. Nd3 exd4 25. Bxf4 Nxf4 26. Nxf4 Qxf4 27. Qd1 Qe5 28. f4 Qxf4 29. Rf3 Qh4 30. Qxd4 Re1+ {0-1 Eidinger,H (2106)-Stankovic,Z (2226) Oberliga Baden 1314 2013 (6.6)}) 16... Qxb7 17. Rfe1 Rac8 18. Rab1 Qd5 19. Qa4 Rc4 20. Qb3 Rfc8 21. Rbc1 Qc6 22. h3 Nf6 23. Ne5 Bxe5 24. Rxe5 Ne4 25. Qd1 Nxd2 26. Qxd2 Rxc3 27. Rce1 Rc1 28. Qf4 Qc3 29. Kf1 Kg8 30. g3 Qc4+ 31. Kg2 Rxe1 32. Rxe1 Qxa2 33. Re5 Qc4 34. Qe3 Rd8 35. Re4 a5 36. Kh2 b5 37. Rg4 f5 38. Rh4 Kh7 39. Rf4 b4 40. g4 b3 41. gxf5 b2 42. fxe6 b1=Q 43. e7 Re8 44. Qe5 Qcf1 0-1

[Event "Olympiad Women 2024"]
[Site "Budapest HUN"]
[Date "2024.09.19"]
[Round "8.27"]
[Board "2"]
[White "Olde, Margareth"]
[Black "Rovira Contreras, Tairu Manuela"]
[Result "1/2-1/2"]
[WhiteElo "2135"]
[BlackElo "2022"]
[PlyCount "122"]
[EventDate "2024.09.11"]
[WhiteTeam "Estonia"]
[BlackTeam "Venezuela"]
[WhiteTeamCountry "EST"]
[BlackTeamCountry "VEN"]

1. d4 d5 2. Nf3 Nf6 3. c4 e6 4. g3 Bb4+ 5. Bd2 Be7 6. Bg2 O-O 7. O-O c6 8. Qc2 Nbd7 9. Bf4 h6 10. Rd1 g5 $146 ({RR} 10... b6 11. Nc3 Ba6 12. Ne5 Rc8 13. Qa4 Nb8 14. cxd5 cxd5 15. Nxf7 Rxf7 16. Bxb8 Bxe2 17. Nxe2 Rxb8 18. Nf4 Bd6 19. Nd3 Rc8 20. Rac1 g5 21. Re1 Rxc1 22. Nxc1 Qc8 23. Qd1 Ne8 24. Qd3 Rf6 25. Ne2 {0-1 Jojua,D (2581)-Kovalenko,I (2657) EU-ch 18th Minsk 2017 (10)}) ({RR} 10... Re8 11. Nc3 dxc4 12. Ne5 Nd5 13. Nxc4 Nxf4 14. gxf4 Qc7 15. Ne5 Nf8 16. Ne4 f6 17. Nd3 b6 18. Ng3 Bb7 19. Rac1 Rac8 20. b4 Ng6 21. b5 Ba3 22. bxc6 Bxc1 23. Rxc1 Ba8 24. f5 Nh4 25. Bh1 {1-0 Sargissian,G (2689)-Fedoseev,V (2677) Wch Blitz Moscow 2019 (10)}) ({RR} 10... Nh5 11. Bc1 Nhf6 12. Nbd2 b6 13. e4 Ba6 14. b3 Rc8 15. Bb2 Ne8 16. Rac1 Nc7 17. a3 Bb7 18. b4 c5 19. exd5 exd5 20. bxc5 bxc5 21. Nf1 Ne6 22. Ne3 Nb6 23. Qb1 Rb8 24. dxc5 Nxc5 25. cxd5 {1-0 Ragger,M (2599)-Fedorchuk,S (2546) TCh-FRA Top 16 Haute 2024 (3.12)}) ({RR} 10... a5 11. Nbd2 Nh5 12. Be3 Bd6 13. Nb3 Qe7 14. Nc1 b6 15. Nd3 Nhf6 16. Bf4 Ba6 17. Bxd6 Qxd6 18. b3 Rac8 19. Nfe5 c5 20. e3 cxd4 21. exd4 Rc7 22. Qb2 Rfc8 23. Rac1 dxc4 24. bxc4 Bxc4 25. Nc5 {½-½ Gritsak,O (2514)-Wojtaszek,R (2737) Trzcianka Dziedzic Memorial 5th rapid 2015 (4)}) ({RR} 10... a5 11. b3 b6 12. Nc3 Ba6 13. Ne5 Nxe5 14. dxe5 Nd7 15. cxd5 cxd5 16. e4 d4 17. Rxd4 Bc5 18. Rdd1 g5 19. Bc1 Rc8 20. Bb2 Qe7 21. Na4 Bb4 22. Qb1 Be2 23. Rc1 Nc5 24. Nxc5 Bxc5 25. Bc3 {½-½ Samadov,R (2375)-Santos Latasa,J (2648) EU-ch 22nd Terme Catez 2022 (1)}) 11. Bc1 Ne4 12. Ne5 f5 13. Ng6 Rf7 14. Nxe7+ Qxe7 15. b3 h5 16. f3 Nd6 17. Ba3 Nf6 18. Qd2 Nfe8 19. Qd3 Qd8 20. Nc3 Nc7 21. e4 Rb8 22. cxd5 exd5 23. exd5 cxd5 24. Qe3 f4 25. Qe5 Nde8 26. Re1 Be6 27. gxf4 Rf5 28. Qe2 Rxf4 29. Bc1 Rf7 30. Kh1 Qf6 31. Qe5 Rg7 32. Ba3 Rd8 33. Rac1 h4 34. h3 Qf7 35. Nd1 Qf5 36. Nf2 Qxe5 37. Rxe5 Kf7 38. Ng4 Nb5 39. Bb2 a6 40. Rce1 Nec7 41. Bf1 Re8 42. Bd3 Na7 43. Bf5 Nc6 44. Bxe6+ Rxe6 45. Rf5+ Ke7 46. Ba3+ Kd7 47. Nf6+ Kc8 48. Rxe6 Nxe6 49. Nxd5 Ncxd4 50. Rf6 Kd7 51. Nb6+ Ke8 52. Nc4 Kd7 53. Bb2 Ke7 54. Rh6 Rf7 55. Ne5 Rf5 56. Rh7+ Kd6 57. Nc4+ Kc6 58. Rh6 Kc7 59. Nd2 Kd7 60. Rh7+ Kc6 61. Rh6 Kd7 1/2-1/2